000 00948nac a22002171u 4500
010 _a 2007025694
020 _a0132346036 (pbk. : alk. paper)
022 _a0131439979
082 0 0 _a658.302
_bR632
090 _c4647
_d4647
100 _aRobbins, Stephen P.,
245 1 4 _aThe truth about managing people /
_cStephen P. Robbins.
250 _a1st [paperback ed.].
260 _aUpper Saddle River, N.J. :
_bFT Press,c2003.
_cc2003.
300 _ap. cm.
500 _aOriginally published under the title: The truth about managing people-- and nothing but the truth. London ; Upper Saddle River, NJ : Prentice Hall, c2002. Financial Times Prentice Hall books.
504 _aIncludes bibliographical references.
650 0 _aSupervision of employees.
942 _cBB
_k658.302R632
999 _c4647
_d4647